Ilmu fiqih Islam lengkap

Bibliographic Details
Main Author: Rifai, Moh (Author)
Format: Book
Published: Singapura : Pustaka Nasional , 1980
Subjects:

MARC

LEADER 00000cam a2200000 7i4500
001 0000004460
005 20031215093000.0
008 021118s1980
090 0 0 |a BP141   |b .R53 
100 0 |a Rifai, Moh. ,   |e author 
245 0 0 |a Ilmu fiqih Islam lengkap   |c Moh. Rifa`i 
260 2 |a Singapura :   |b Pustaka Nasional ,   |c 1980 
300 |a 536 ms. ;   |c 21 sm. 
650 0 |a Islamic law 
650 0 |a Islam   |x Customs and practices 
999 |a 1000006896   |b Book   |c OPEN SHELF (30 DAYS)   |e Gong Badak Campus 
999 |a 1000057980   |b Book   |c OPEN SHELF (30 DAYS)   |e Gong Badak Campus 
999 |a 1000067368   |b Book   |c OPEN SHELF (30 DAYS)   |e Gong Badak Campus 
999 |a 1000074109   |b Book   |c OPEN SHELF (30 DAYS)   |e Gong Badak Campus 
999 |a 1000074135   |b Book   |c OPEN SHELF (30 DAYS)   |e Gong Badak Campus 
999 |a 1000075478   |b Book   |c OPEN SHELF (30 DAYS)   |e Gong Badak Campus